Odstraňovanie ťažkých kovov z odpadových vôd sorpciou na mikrobiálnej biomase

Gespeichert in:
Bibliographische Detailangaben
1. Verfasser: Sirková, Žaneta (Verfasst von)
Format: Manuskript Buch
Sprache:Slowakisch
Veröffentlicht: Bratislava : STU v Bratislave ChtF, 2000
Ausgabe:Obhaj.:6.6.2000
Tags: Tag hinzufügen
Keine Tags, Fügen Sie das erste Tag hinzu!

MARC

LEADER 00000ntm a22000003a 4500
001 stu54346
005 20150617225704.3
008 000620s2000----xo------------------slo-d
040 |a STU  |b slo 
041 0 |a slo 
044 |a xo 
100 1 |a Sirková, Žaneta  |4 aut 
245 1 |a Odstraňovanie ťažkých kovov z odpadových vôd sorpciou na mikrobiálnej biomase 
250 |a Obhaj.:6.6.2000 
260 |a Bratislava :  |b STU v Bratislave ChtF,  |c 2000 
300 |a 69 s. Tab., grafy, lit 
500 |a Špec.:Chemické a biochem.inžinierstvo 
996 |b 284C018516  |c C*D13084  |l CCI  |s A  |a 24  |w stu54346_0001